Top 30 : Maroon 5 - Statistiques

Statistiques générales
  • Ce quiz a été pris 33 fois
  • Le résultat moyen est 12 sur 30
Statistiques - réponses
Top Titres Featuring % Correct
5 Moves Like Jagger Christina Aguilera
85%
1 Payphone Wiz Khalifa
85%
8 Animals
77%
4 Sugar
77%
3 Maps
73%
7 Girls Like You Cardi B
69%
16 Girls Like You
69%
2 Memories
58%
6 She Will Be Loved
54%
22 She Will Be Loved - Acoustic
54%
9 This Love
54%
11 One More Night
50%
14 Cold Future
42%
13 Beautiful Mistakes Megan Thee Stallion
38%
12 Don't Wanna Know Kendrick Lamar
35%
20 Misery
35%
10 What Lovers Do SZA
31%
15 Sunday Morning
23%
30 Feelings
19%
23 Lost
19%
27 This Summer
19%
19 Daylight
15%
28 It Was Always You
15%
18 Wait
15%
21 Love Somebody
12%
29 Lucky Strike
12%
24 Makes Me Wonder
12%
26 Nobody's Love
12%
25 Harder To Breathe
8%
17 Won't Go Home Without You
4%
Aucun quiz correspondant
Distribution des résultats
% des personnes avec chaque résultat
Percentile par nombre de réponses
Votre historique - résultats
Vous n’avez pas pris ce quiz